Państwa, których walutą jest korona - Statystyki

Ogólne statystyki
  • Ten quiz został rozwiązany 81 razy
  • Średni wynik to 4 z 5
Statystyki odpowiedzi
Państwo % Poprawnych
Szwecja
97%
Dania
93%
Czechy
92%
Norwegia
91%
Islandia
74%
Nie znaleziono quizów pasujących do podanych kryteriów
Rozkład punktacji
Procent ludzi z każdym wynikiem
Percentyl według liczby udzielonych odpowiedzi
Twoja historia wyników
Nie rozwiązałeś tego quizu